<?xml version="1.0" encoding="UTF-8"?>
<collection xmlns="http://www.loc.gov/MARC21/slim">
  <record>
    <leader>00000nam  2200000   4500</leader>
    <controlfield tag="001">INLIS00000000000006</controlfield>
    <controlfield tag="005">20260701142206</controlfield>
    <datafield tag="100" ind1="1" ind2="#">
      <subfield code="a">Sardjono</subfield>
    </datafield>
    <datafield tag="245" ind1="1" ind2=" ">
      <subfield code="a">Peranan olah raga dalam pembangunan manusia Indonesia seutuhnya /</subfield>
      <subfield code="c">Sardjono</subfield>
    </datafield>
    <datafield tag="260" ind1="#" ind2="#">
      <subfield code="a">Jakarta :</subfield>
      <subfield code="b">86-1133/923/87,</subfield>
      <subfield code="c">1986</subfield>
    </datafield>
    <datafield tag="300" ind1="#" ind2="#">
      <subfield code="a">38 hlm. ; 21 cm.</subfield>
    </datafield>
  </record>
</collection>
